نصائح تربوية للاطفال (2) في المدرسة / (رقم التسجيلة. 135593)

تفاصيل مارك
000 -LEADER
fixed length control field 00342nam a22001097a 4500
005 - DATE AND TIME OF LATEST TRANSACTION
control field 20251108175511.0
008 - FIXED-LENGTH DATA ELEMENTS--GENERAL INFORMATION
fixed length control field 250721s9999 xx 000 0 ara d
245 10 - TITLE STATEMENT
Title نصائح تربوية للاطفال (2) في المدرسة /
264 1# - PRODUCTION, PUBLICATION, DISTRIBUTION, MANUFACTURE, AND COPYRIGHT NOTICE
Place of production, publication, distribution, manufacture حلب :
Name of producer, publisher, distributor, manufacturer دار القلم العربي للاطفال،
942 ## - ADDED ENTRY ELEMENTS (KOHA)
Source of classification or shelving scheme Dewey Decimal Classification
Koha item type كتب
المقتنيات
حالة السحب حالة الفقدان مصدر التصنيف حالة التلف غير قابل للإعارة المكتبة الرئيسية المكتبة الحالية موقع الرف تاريخ التزويد الرقم المتسلسل Total Checkouts الباركود تاريخ آخر ظهور تاريخ الفاتورة نوع المادة (كوها)
    Dewey Decimal Classification     مكتبة الياسمين للأطفال مكتبة الياسمين للأطفال الأطفال 22/10/2017 558882   PLD00407660 28/07/2025 22/10/2017 كتب
    Dewey Decimal Classification     مكتبة حمزة العامة مكتبة حمزة العامة الأطفال 16/05/2018 1669311   PLD00421194 28/07/2025 16/05/2018 كتب
Implemented & Customized by: BBB with SCIT (Smart Chains for Information Technology)

Powered by Koha